A travers la jungle politique et littéraire. (Record no. 105645)

MARC details
000 -LEADER
campo de control de longitud fija 00890nam a2200217 i 4500
001 - NÚMERO DE CONTROL
campo de control 105645
003 - IDENTIFICADOR DE NÚMERO DE CONTROL
campo de control ES-MaACL
005 - FECHA Y HORA DE LA ÚLTIMA TRANSACCIÓN
campo de control 20230906183935.0
007 - CAMPO FIJO DE DESCRIPCIÓN FÍSICA--INFORMACIÓN GENERAL
campo de control de longitud fija t|
008 - DATOS DE LONGITUD FIJA--INFORMACIÓN GENERAL
campo de control de longitud fija 060802s1930 fr |||| | fre d
080 ## - NÚMERO DE LA CLASIFICACIÓN DECIMAL UNIVERSAL
Número de la Clasificación Decimal Universal 821.133.1-94"19"
100 1# - ENTRADA PRINCIPAL--NOMBRE DE PERSONA
Nombre de persona Méric, Victor.
9 (RLIN) 80493
245 10 - MENCIÓN DEL TÍTULO
Título A travers la jungle politique et littéraire.
Número de parte o sección de la obra Première série,
Nombre de parte o sección de la obra Laurent Tailhade. Une saison à la Santé. La petite bohème. Joyeusetés électorales. Gustave Hervé. Une élection sous Clemenceau. Camille Pelletan /
Mención de responsabilidad, etc. Victor Méric.
260 ## - PUBLICACIÓN, DISTRIBUCIÓN, ETC.
Lugar de publicación, distribución, etc. Paris :
Nombre del editor, distribuidor, etc. Librairie Valois,
Fecha de publicación, distribución, etc. 1930.
300 ## - DESCRIPCIÓN FÍSICA
Extensión 281 p. :
Otras características físicas il. ;
Dimensiones 21 cm.
490 1# - MENCIÓN DE SERIE
Mención de serie Souvenirs et récits de notre temps
651 #4 - PUNTO DE ACCESO ADICIONAL DE MATERIA--NOMBRE GEOGRÁFICO
Nombre geográfico Francia-
Subdivisión general Política y gobierno-
Subdivisión cronológica 1870-1940.
9 (RLIN) 162878
830 0# - PUNTO DE ACCESO ADICIONAL DE SERIE-TÍTULO UNIFORME
Título uniforme Souvenirs et récits de notre temps
9 (RLIN) 232758
852 ## - LOCALIZACIÓN
Ubicación ES-MaACL
Número de control de estantería AND-454
Nota libre . - Biblioteca Juan Andrade
Holdings
Estatus retirado Estado de pérdida Estado de daño No para préstamo Biblioteca de origen Biblioteca actual Ubicación en estantería Fecha de adquisición Fuente de adquisición Total de préstamos Signatura topográfica completa Código de barras Visto por última vez Precio de reemplazo Tipo de ítem Koha
        Biblioteca del Ateneo de Madrid Biblioteca del Ateneo de Madrid Depósito 2 17/01/2008     AND-454 1110296 23/02/2023 23/02/2023 Libro impreso